000 00240nam a2200097Ia 4500
008 190216s9999||||xx |||||||||||||| ||und||
100 _aC M Narayana Panikker
245 0 _aRajathremspec Throstoyik Orumughavura
260 _bNull
942 _cBK
999 _c25215
_d25215